Statystyki dla Wszystkie powiaty w województwach na literę W

Kliknij tutaj aby rozwiązać quiz!

Ogólne statystyki

  • Ten quiz został rozwiązany 11 razy
    (6 od ostatniego zresetowania)
  • Średni wynik to 40 z 56

Statystyki odpowiedzi

WojewództwoPowiat% Poprawnych
Elbląg
100%
elbląski
100%
mrągowski
100%
warmińsko-mazurskieOlsztyn
100%
olsztyński
100%
wielkopolskiePoznań
100%
poznański
100%
bartoszycki
83%
chodzieski
83%
ełcki
83%
giżycki
83%
gnieźnieński
83%
grodziski
83%
jarociński
83%
kaliski
83%
Kalisz
83%
kolski
83%
leszczyński
83%
Leszno
83%
nowotomyski
83%
ostródzki
83%
piski
83%
czarnkowsko-trzcianecki
67%
gołdapski
67%
gostyński
67%
kępiński
67%
kętrzyński
67%
Konin
67%
koniński
67%
kościański
67%
krotoszyński
67%
lidzbarski
67%
międzychodzki
67%
nidzicki
67%
nowomiejski
67%
obornicki
67%
ostrowski
67%
pleszewski
67%
średzki
67%
śremski
67%
szamotulski
67%
turecki
67%
wągrowiecki
67%
węgorzewski
67%
wolsztyński
67%
złotowski
67%
braniewski
50%
olecki
50%
ostrzeszowski
50%
pilski
50%
rawicki
50%
słupecki
50%
szczycieński
50%
wrzesiński
50%
działdowski
33%
iławski
33%

Rozkład punktacji

Percentyl według liczby udzielonych odpowiedzi

Procent ludzi z każdym wynikiem

Twoja historia wyników

Nie rozwiązałeś tego quizu od ostatniego zresetowania